| 000 | 004420000a22001810004500 | ||
|---|---|---|---|
| 003 | MACL | ||
| 005 | 20160120114026.0 | ||
| 008 | 160120b xxu||||| |||| 00| 0 eng d | ||
| 040 |
_aMACL _cMACL |
||
| 041 | _aEnglish | ||
| 082 | _a152.4/COD | ||
| 100 |
_aCadaty, Jyotsna _933448 |
||
| 245 | _aUnderstanding Emotional IQ | ||
| 260 |
_bPustak mahal _c2001 _aMumbai |
||
| 350 | _a60 | ||
| 650 |
_apsychology _933449 |
||
| 942 |
_cBK _k152/Cod _2ddc |
||
| 999 |
_c32527 _d32527 |
||